Etiqueta de registo: 00379nas 2200205 450
001 2286620
003 http://id.bnportugal.gov.pt/bib/catbnp/2286620
021 ## $aPT$b561897/26
100 ## $a20260521a20269999m d0pory01030103ba
101 0# $apor
102 ## $aPT
106 ## $ae
110 ## $acfazz 0uu0
200 1# $aViver Serpa$fdir. Francisco José Palma Picareta$gprop. e ed. Câmara Municipal de Serpa
207 #0 $aS. 6, nº 1 (mar. 2026)-
210 #9 $aSerpa$cCâmara Municipal de Serpa,$d2026-
215 ## $d37 cm
326 ## $aMensal
620 ## $dSerpa
675 ## $a352(469.521)(05)$vBN$zpor$3335779
702 #1 $aPicareta,$bFrancisco José Palma,$f1976-$4300$31999142
712 01 $aSerpa.$bCâmara Municipal$4650$316009
801 #0 $aPT$bBN$gRPC
856 41 $uhttp://rnod.bnportugal.gov.pt/ImagesBN/winlibimg.aspx?skey=&doc=2286620&img=222690&save=true
966 ## $lBN$mFGJOR$sJ. 7712 V.$x1
971 ## $cabrito$d20260521
973 ## $cmlsousa$d20260617
975 ## $e0$d20260528$viquintas